000 00258nam a22001097a 4500
082 _a625.73UNT
100 _aUntermann
245 _aPrinciples and practics of grading dranage adn road alignment
260 _aRoston
_bPub
_c1978
300 _a297
942 _cBK
999 _c11931
_d11931